Statistics for Every Mercedes F1 Driver

Click here to take the quiz!

General Stats

  • This quiz has been taken 49 times
  • The average score is 6 of 10

Answer Stats

Debut With TeamNationalityAnswer% Correct
2013United KingdomLewis Hamilton
100%
2017FinlandValtteri Bottas
98%
2020United KingdomGeorge Russell
96%
2010GermanyMichael Schumacher
96%
2010GermanyNico Rosberg
91%
1954ArgentinaJuan Manuel Fangio
72%
1955Great BritainStirling Moss
40%
1954GermanyKarl Kling
11%
1955ItalyPiero Taruffi
11%
1954GermanyHand Herrmann
6%

Score Distribution

Percentile by Number Answered

Percent of People with Each Score

Your Score History

You have not taken this quiz